[Event "Winnipeg Yanofsky Memorial U1800"]
[Site "Winnipeg"]
[Date "2014.08.28"]
[Round "3"]
[White "Keer, Keer"]
[Black "Einarsson, Ken"]
[Result "0-1"]
[WhiteElo "1566"]
[BlackElo "1748"]
[PlyCount "65"]
[EventDate "2014.08.29"]
[EventType "swiss"]
[EventRounds "5"]
[EventCountry "CAN"]
[SourceTitle "EXT 2022"]
[Source "ChessBase"]
[SourceDate "2021.10.06"]
[SourceVersion "1"]
[SourceVersionDate "2021.10.06"]
[SourceQuality "1"]

1. e4 c6 2. d4 d5 3. exd5 cxd5 4. Nc3 Nf6 5. Bg5 Bf5 6. Bb5+ Nc6 7. Nf3 e6 8. Ne5 Rc8 9. h4 h6 10. g4 hxg5 11. gxf5 exf5 12. Qe2 Be7 13. h5 a6 14. Bxc6+ bxc6 15. Qxa6 Qc7 16. 0-0-0 Nxh5 17. Na4 g6 18. Nb6 Rb8 19. Ned7 Rd8 20. Ne5 0-0 21. a4 c5 22. Nbd7 Ra8 23. Qc6 Qxc6 24. Nxc6 Rfe8 25. Nxe7+ Rxe7 26. Nxc5 Nf4 27. b3 g4 28. Rde1 Rae8 29. Rxe7 Rxe7 30. Nd3 Ne2+ 31. Kd2 Nxd4 32. Re1 Nf3+ 33. Kd1 0-1

[Event "Winnipeg TNT July op"]
[Site "Winnipeg"]
[Date "2009.07.28"]
[Round "4"]
[White "Keer, Keer"]
[Black "Lipic, Stephen"]
[Result "0-1"]
[WhiteElo "1406"]
[BlackElo "1725"]
[PlyCount "95"]
[EventDate "2009.07.07"]
[EventType "swiss"]
[EventRounds "4"]
[EventCountry "CAN"]
[SourceTitle "EXT 2011"]
[Source "ChessBase"]
[SourceDate "2010.11.26"]
[SourceVersion "1"]
[SourceVersionDate "2010.11.26"]
[SourceQuality "1"]

1. e4 c6 2. d3 d5 3. exd5 cxd5 4. d4 Nf6 5. Be3 Bf5 6. Nc3 Nc6 7. Bb5 e6 8. Nf3 Bd6 9. 0-0 0-0 10. Re1 Nb4 11. Rc1 Ne4 12. Nxe4 Bxe4 13. a3 Nc6 14. c4 a6 15. Ba4 Ne7 16. c5 Bc7 17. Bg5 f6 18. Bh4 Nf5 19. Bg3 Nxg3 20. fxg3 g6 21. Qe2 Kg7 22. Bc2 f5 23. Nd2 Qf6 24. Nxe4 fxe4 25. Qe3 Bd8 26. Rf1 Qg5 27. Qb3 Bf6 28. Qxb7+ Kh6 29. Qb4 Qe3+ 30. Kh1 Rab8 31. Qc3 Qxd4 32. Qxd4 Bxd4 33. b4 a5 34. Rfd1 Bb2 35. Rb1 Bxa3 36. bxa5 Bxc5 37. Rxb8 Rxb8 38. Ra1 Rb2 39. Ba4 d4 40. Bd7 e5 41. a6 Ba7 42. h4 d3 43. Bc6 e3 44. Kg1 e2+ 45. Kh2 d2 46. g4 e1Q 47. g5+ Kg7 48. Rxe1 0-1

[Event "Winnipeg TNT July op"]
[Site "Winnipeg"]
[Date "2009.07.07"]
[Round "1"]
[White "Greenberg, Harley"]
[Black "Keer, Keer"]
[Result "1-0"]
[WhiteElo "1788"]
[BlackElo "1406"]
[PlyCount "79"]
[EventDate "2009.07.07"]
[EventType "swiss"]
[EventRounds "4"]
[EventCountry "CAN"]
[SourceTitle "EXT 2011"]
[Source "ChessBase"]
[SourceDate "2010.11.26"]
[SourceVersion "1"]
[SourceVersionDate "2010.11.26"]
[SourceQuality "1"]

1. e4 e5 2. Nf3 Nc6 3. Bb5 Bd6 4. 0-0 Nf6 5. Re1 0-0 6. c3 a6 7. Ba4 b5 8. Bc2 Bb7 9. d4 Re8 10. Nbd2 h6 11. Nf1 exd4 12. cxd4 Bb4 13. Bd2 d5 14. e5 Nh7 15. a3 Bxd2 16. Qxd2 Bc8 17. Bxh7+ Kxh7 18. Qc2+ Kg8 19. Qxc6 Bg4 20. Qc3 Rc8 21. Ng3 Re6 22. h3 Bxf3 23. Qxf3 c6 24. Nf5 Qg5 25. Nd6 Rc7 26. Qe3 Qg6 27. f4 f5 28. Qd3 c5 29. dxc5 Rxc5 30. Rac1 Rxd6 31. exd6 Qxd6 32. Qxf5 g6 33. Qe5 Qc6 34. Qe8+ Qxe8 35. Rxe8+ Kf7 36. Rxc5 Kxe8 37. Rxd5 Kf7 38. b4 Ke6 39. Re5+ Kf6 40. h4 1-0